000 00356nam a2200145Ia 4500
008 191201s2005 xx 000 0 und d
082 _a621.43
_bMAI
100 _aMATHUR, M L
245 0 _aInternal Combustion Engines
250 _a15th Rep
260 _aN.Delhi
_bDhanpat Rai Pub (P) Ltd
_c2005
300 _a1010
650 _aB.Tech(ME)
942 _2ddc
_cBK
999 _c895
_d895